000 01014nam a22002777a 4500
005 20121123143937.0
008 121123t xxu||||| |||| 00| 0 eng d
010 _aENG-106201
020 _a9781259004605
_c399.00
020 _a1259004600
_c399.00
035 _aEN-89734
037 _bDBAD/PUB
040 _aDPL
_bEng
082 _a621.382
100 1 _aSingh, R.P.
_953751
245 1 0 _aCommunication systems :
_cby R.P. Singh [and] S.D. Sapre
_banalog and digital /
250 _a3rd ed
260 _aNew Delhi
_bTata McGraw-Hill
_c2012
270 _a7 West Patel Nagar
_bNew Delhi
_e110008
300 _axix,750p. :
_bill.
_c24cm(pbk)
500 _aIncludes bibliographical references and index
700 _aSapre, S.D.
_953755
942 _2ddc
_cEN
_h621.382
_mSIN
999 _c71600
_d71600